000 00455nam a2200169 i 4500
001 bg
100 1 _aSADOWSKI, Andrzej
245 0 _aĆwiczenia laboratoryjne z metrologii warsztatowej /
_cAndrzej Sadowski, Jerzy Sobol, Izabela Tarnowska.
250 _aWyd.4.
260 _aKraków,
_c1982.
700 1 _aSOBOL, Jerzy
700 1 _aTARNOWSKA, Izabela
040 _cBPK
041 _apol
942 _cKS
008 s pl f |000 0 pol
999 _c20532
_d20532
856 _uhttp://koha.tu.koszalin.pl/cgi-bin/koha/opac-detail.pl?biblionumber=20532
_yKatalog online BPK